000 00639nam a2200253 i 4500
001 bg
100 1 _aJORDAN, R. R.
245 1 0 _aAcademic writing course /
_cR.R. Jordan.
250 _aNew ed., 5th impr.
260 _aHarlow :
_bLongman,
_c1997.
300 _a144 s.
490 1 _aStudy Skills in English
504 _aBibliogr. p.7.
650 9 _aJęzyk angielski
_xgramatyka
655 _aPodręczniki
830 _aStudy Skills in English
020 _a0175566240
040 _cBPK
041 0 _aen
080 _a811.111'36(07)
920 _a0-17-556624-0
942 _cKS
008 s pl f |000 0 pol
999 _c36490
_d36490